[Event "414 Stay Safe Play From Home series"]
[Site "Emanuel Lasker Arena"]
[Date "2020.08.27"]
[Round "3"]
[White "KING o KONG"]
[Black "TheCHESSHOUSE"]
[Result "0-1"]
[WhiteElo "961"]
[BlackElo "2055"]
[PlyCount "58"]
[EventDate "2020.08.27"]
[EventType "swiss (blitz)"]

1. d3 {[%emt 0:00:03]} g6 {[%emt 0:00:00]} 2. e3 {[%emt 0:00:01]} Bg7 {[%emt 0:00:00]} 3. b3 {[%emt 0:00:01]} d6 {[%emt 0:00:00]} 4. Nc3 {[%emt 0:00:04]} Bxc3+ {[%emt 0:00:01]} 5. Ke2 {[%emt 0:00:04]} Bxa1 {[%emt 0:00:01]} 6. Bd2 {[%emt 0:00:02]} Bg7 {[%emt 0:00:01]} 7. g3 {[%emt 0:00:01]} Nf6 {[%emt 0:00:01]} 8. Bg2 {[%emt 0:00:01]} Nc6 {[%emt 0:00:01]} 9. Nf3 {[%emt 0:00:01]} e5 {[%emt 0:00:00]} 10. h4 {[%emt 0:00:01]} h5 {[%emt 0:00:02]} 11. Ng5 {[%emt 0:00:01]} Bg4+ {[%emt 0:00:00]} 12. f3 {[%emt 0:00:04]} Be6 {[%emt 0:00:02]} 13. Nxf7 {[%emt 0:00:02]} Bxf7 {[%emt 0:00:01]} 14. Rh2 {[%emt 0:00:02]} O-O {[%emt 0:00:01]} 15. Bc3 {[%emt 0:00:01]} d5 {[%emt 0:00:00]} 16. d4 {[%emt 0:00:02]} exd4 {[%emt 0:00:01]} 17. exd4 {[%emt 0:00:02]} Re8+ {[%emt 0:00:01]} 18. Kf2 {[%emt 0:00:01]} Qe7 {[%emt 0:00:01]} 19. Rh1 {[%emt 0:00:01]} Qd6 {[%emt 0:00:01]} 20. Re1 {[%emt 0:00:01]} Rxe1 {[%emt 0:00:01]} 21. Qxe1 {[%emt 0:00:01]} Re8 {[%emt 0:00:00]} 22. Qc1 {[%emt 0:00:04]} Kh7 {[%emt 0:00:01]} 23. Bd2 {[%emt 0:00:02]} Qe6 {[%emt 0:00:02]} 24. g4 {[%emt 0:00:01]} Qe2+ {[%emt 0:00:01]} 25. Kg3 {[%emt 0:00:01]} hxg4 {[%emt 0:00:01]} 26. h5 {[%emt 0:00:01]} Nxh5+ {[%emt 0:00:02]} 27. Kh2 {[%emt 0:00:08]} gxf3 {[%emt 0:00:01]} 28. Kh3 {[%emt 0:00:03]} Be6+ {[%emt 0:00:01]} 29. Kh4 {[%emt 0:00:03]} Bf6+ {[%emt 0:00:02] TimeW TimeW TimeW} 0-1

[Event "414 Stay Safe Play From Home series"]
[Site "Emanuel Lasker Arena"]
[Date "2020.08.27"]
[Round "4"]
[White "Tran Minh Thang"]
[Black "NTBT_DHS"]
[Result "1-0"]
[WhiteElo "2446"]
[BlackElo "2532"]
[PlyCount "91"]
[EventDate "2020.08.27"]
[EventType "swiss (blitz)"]

1. b3 {[%emt 0:00:01]} g6 {[%emt 0:00:00]} 2. Bb2 {[%emt 0:00:01]} f6 {[%emt 0:00:00]} 3. Nf3 {[%emt 0:00:05]} Nh6 {[%emt 0:00:05]} 4. e3 {[%emt 0:00:01]} Bg7 {[%emt 0:00:00]} 5. c4 {[%emt 0:00:00]} O-O {[%emt 0:00:00]} 6. Nc3 {[%emt 0:00:00]} e5 {[%emt 0:00:00]} 7. d4 {[%emt 0:00:00]} d6 {[%emt 0:00:00]} 8. dxe5 {[%emt 0:00:00]} fxe5 {[%emt 0:00:00]} 9. Be2 {[%emt 0:00:01]} Nc6 {[%emt 0:00:00]} 10. a3 {[%emt 0:00:01]} Bf5 {[%emt 0:00:01]} 11. b4 {[%emt 0:00:01]} g5 {[%emt 0:00:01]} 12. h3 {[%emt 0:00:03]} Bg6 {[%emt 0:00:03]} 13. Bd3 {[%emt 0:00:01]} Nf5 {[%emt 0:00:01]} 14. Be4 {[%emt 0:00:03]} Kh8 {[%emt 0:00:02]} 15. Qc2 {[%emt 0:00:01]} Rb8 {[%emt 0:00:03]} 16. g4 {[%emt 0:00:03]} Nfe7 {[%emt 0:00:03]} 17. Nxg5 {[%emt 0:00:01]} b5 {[%emt 0:00:06]} 18. cxb5 {[%emt 0:00:02]} d5 {[%emt 0:00:00]} 19. Bxg6 {[%emt 0:00:05]} Nxg6 {[%emt 0:00:00]} 20. Ne6 {[%emt 0:00:02]} Qf6 {[%emt 0:00:03]} 21. Nxf8 {[%emt 0:00:00]} Rxf8 {[%emt 0:00:01]} 22. bxc6 {[%emt 0:00:00]} d4 {[%emt 0:00:02]} 23. Ne4 {[%emt 0:00:01]} Qf3 {[%emt 0:00:00]} 24. Rf1 {[%emt 0:00:05]} Nh4 {[%emt 0:00:00]} 25. Ng5 {[%emt 0:00:05]} Ng2+ {[%emt 0:00:01]} 26. Kd2 {[%emt 0:00:00]} dxe3+ {[%emt 0:00:00]} 27. Kc1 {[%emt 0:00:01]} e4 {[%emt 0:00:10]} 28. Nxf3 {[%emt 0:00:01]} Rxf3 {[%emt 0:00:01]} 29. Bxg7+ {[%emt 0:00:01]} Kxg7 {[%emt 0:00:00]} 30. Qxe4 {[%emt 0:00:00]} e2 {[%emt 0:00:01]} 31. Qxe2 {[%emt 0:00:01]} Rf6 {[%emt 0:00:00]} 32. Qe5 {[%emt 0:00:01]} Nf4 {[%emt 0:00:00]} 33. g5 {[%emt 0:00:00]} Nd3+ {[%emt 0:00:01]} 34. Kc2 {[%emt 0:00:00]} Nxe5 {[%emt 0:00:00]} 35. gxf6+ {[%emt 0:00:00]} Kxf6 {[%emt 0:00:00]} 36. b5 {[%emt 0:00:00]} Nxc6 {[%emt 0:00:00]} 37. bxc6 {[%emt 0:00:01]} a5 {[%emt 0:00:00]} 38. Rad1 {[%emt 0:00:01]} Ke6 {[%emt 0:00:00]} 39. Rd7 {[%emt 0:00:00]} Kf5 {[%emt 0:00:00]} 40. Re1 {[%emt 0:00:00]} h5 {[%emt 0:00:00]} 41. Rxc7 {[%emt 0:00:00]} Kg5 {[%emt 0:00:00]} 42. Rd7 {[%emt 0:00:00]} a4 {[%emt 0:00:00]} 43. Rd3 {[%emt 0:00:00]} Kf5 {[%emt 0:00:00]} 44. c7 {[%emt 0:00:00]} Kg5 {[%emt 0:00:00]} 45. c8=Q {[%emt 0:00:00]} Kh4 {[%emt 0:00:00]} 46. Qd8# {[%emt 0:00:01] (Lag: Av=0.79s, max=1.1s) (Lag: Av=0.79s, max=1.1s) (Lag: Av=0.79s, max=1.1s)} 1-0

[Event "414 Stay Safe Play From Home series"]
[Site "Emanuel Lasker Arena"]
[Date "2020.08.27"]
[Round "4"]
[White "IceQueen"]
[Black "Eidgenosse"]
[Result "0-1"]
[WhiteElo "2324"]
[BlackElo "2507"]
[PlyCount "58"]
[EventDate "2020.08.27"]
[EventType "swiss (blitz)"]

1. e4 {[%emt 0:00:01]} d6 {[%emt 0:00:00]} 2. Nc3 {[%emt 0:00:01]} Nf6 {[%emt 0:00:00]} 3. d4 {[%emt 0:00:01]} e5 {[%emt 0:00:01]} 4. dxe5 {[%emt 0:00:01]} dxe5 {[%emt 0:00:00]} 5. Qxd8+ {[%emt 0:00:00]} Kxd8 {[%emt 0:00:00]} 6. Bd2 {[%emt 0:00:00]} Be6 {[%emt 0:00:01]} 7. f4 {[%emt 0:00:00]} Bd6 {[%emt 0:00:02]} 8. f5 {[%emt 0:00:01]} Bc8 {[%emt 0:00:01]} 9. Nb5 {[%emt 0:00:01]} a6 {[%emt 0:00:01]} 10. Nxd6 {[%emt 0:00:01]} cxd6 {[%emt 0:00:00]} 11. O-O-O {[%emt 0:00:01]} Ke7 {[%emt 0:00:01]} 12. Bb4 {[%emt 0:00:00]} Rd8 {[%emt 0:00:01]} 13. Bd3 {[%emt 0:00:03]} Nc6 {[%emt 0:00:01]} 14. Ba3 {[%emt 0:00:00]} b5 {[%emt 0:00:01]} 15. c3 {[%emt 0:00:02]} Rb8 {[%emt 0:00:00]} 16. b3 {[%emt 0:00:01]} b4 {[%emt 0:00:02]} 17. cxb4 {[%emt 0:00:00]} Nxb4 {[%emt 0:00:00]} 18. Bb1 {[%emt 0:00:00]} a5 {[%emt 0:00:01]} 19. Nf3 {[%emt 0:00:01]} Bb7 {[%emt 0:00:02]} 20. Rhe1 {[%emt 0:00:02]} Rdc8+ {[%emt 0:00:01]} 21. Kb2 {[%emt 0:00:01]} Rc7 {[%emt 0:00:04]} 22. Rd2 {[%emt 0:00:01]} Rbc8 {[%emt 0:00:01]} 23. Bxb4 {[%emt 0:00:01]} axb4 {[%emt 0:00:01]} 24. h3 {[%emt 0:00:00]} h5 {[%emt 0:00:01]} 25. Re3 {[%emt 0:00:03]} Rc3 {[%emt 0:00:01]} 26. Rde2 {[%emt 0:00:03]} R8c7 {[%emt 0:00:04]} 27. Nd2 {[%emt 0:00:03]} Ba6 {[%emt 0:00:03]} 28. Re1 {[%emt 0:00:03]} h4 {[%emt 0:00:00]} 29. Bd3 {[%emt 0:00:02]} Bxd3 {[%emt 0:00:01] IceQueen resigns IceQueen resigns IceQueen resigns (Lag: Av=0.35s, max=0.7s) (Lag: Av=0.35s, max=0.7s) (Lag: Av=0.35s, max=0.7s)} 0-1

[Event "414 Stay Safe Play From Home series"]
[Site "Emanuel Lasker Arena"]
[Date "2020.08.27"]
[Round "4"]
[White "Stefanone"]
[Black "Mepe_Nika"]
[Result "0-1"]
[WhiteElo "2090"]
[BlackElo "2382"]
[PlyCount "60"]
[EventDate "2020.08.27"]
[EventType "swiss (blitz)"]

1. d4 {[%emt 0:00:01]} d5 {[%emt 0:00:00]} 2. e3 {[%emt 0:00:00]} c6 {[%emt 0:00:00]} 3. f4 {[%emt 0:00:00]} Nf6 {[%emt 0:00:00]} 4. Nf3 {[%emt 0:00:00]} Bf5 {[%emt 0:00:00]} 5. Bd3 {[%emt 0:00:01]} e6 {[%emt 0:00:00]} 6. Bxf5 {[%emt 0:00:01]} exf5 {[%emt 0:00:00]} 7. Ne5 {[%emt 0:00:00]} Bd6 {[%emt 0:00:00]} 8. O-O {[%emt 0:00:01]} O-O {[%emt 0:00:00]} 9. Nd2 {[%emt 0:00:01]} Ne4 {[%emt 0:00:00]} 10. Nxe4 {[%emt 0:00:01]} fxe4 {[%emt 0:00:00]} 11. c4 {[%emt 0:00:02]} f6 {[%emt 0:00:01]} 12. Ng4 {[%emt 0:00:01]} Nd7 {[%emt 0:00:01]} 13. Nf2 {[%emt 0:00:01]} f5 {[%emt 0:00:02]} 14. Bd2 {[%emt 0:00:01]} Nf6 {[%emt 0:00:01]} 15. Qe2 {[%emt 0:00:01]} h6 {[%emt 0:00:01]} 16. Kh1 {[%emt 0:00:01]} Kh7 {[%emt 0:00:00]} 17. Rg1 {[%emt 0:00:00]} g6 {[%emt 0:00:02]} 18. g4 {[%emt 0:00:01]} Rg8 {[%emt 0:00:01]} 19. h3 {[%emt 0:00:01]} Qd7 {[%emt 0:00:01]} 20. c5 {[%emt 0:00:01]} Bc7 {[%emt 0:00:01]} 21. b4 {[%emt 0:00:01]} Rg7 {[%emt 0:00:01]} 22. a4 {[%emt 0:00:01]} Rag8 {[%emt 0:00:02]} 23. Rg2 {[%emt 0:00:01]} g5 {[%emt 0:00:01]} 24. fxg5 {[%emt 0:00:03]} Rxg5 {[%emt 0:00:00]} 25. Rag1 {[%emt 0:00:02]} Bb8 {[%emt 0:00:05]} 26. b5 {[%emt 0:00:03]} Qc7 {[%emt 0:00:01]} 27. Nd1 {[%emt 0:00:08]} fxg4 {[%emt 0:00:01]} 28. hxg4 {[%emt 0:00:03]} Nxg4 {[%emt 0:00:03]} 29. Rxg4 {[%emt 0:00:05]} Rxg4 {[%emt 0:00:02]} 30. Rxg4 {[%emt 0:00:02]} Rxg4 {[%emt 0:00:00] Stefanone abbandona Stefanone abbandona Stefanone abbandona (Lag: Av=0.40s, max=0.9s) (Lag: Av=0.40s, max=0.9s) (Lag: Av=0.40s, max=0.9s)} 0-1

[Event "414 Stay Safe Play From Home series"]
[Site "Emanuel Lasker Arena"]
[Date "2020.08.27"]
[Round "4"]
[White "TheCHESSHOUSE"]
[Black "AChessPlayer"]
[Result "0-1"]
[WhiteElo "2055"]
[BlackElo "2309"]
[PlyCount "58"]
[EventDate "2020.08.27"]
[EventType "swiss (blitz)"]

1. d4 {[%emt 0:00:02]} Nc6 {[%emt 0:00:01]} 2. c4 {[%emt 0:00:01]} e6 {[%emt 0:00:01]} 3. Nc3 {[%emt 0:00:01]} Nf6 {[%emt 0:00:00]} 4. Nf3 {[%emt 0:00:01]} Bb4 {[%emt 0:00:00]} 5. Bd2 {[%emt 0:00:01]} O-O {[%emt 0:00:01]} 6. e3 {[%emt 0:00:01]} d6 {[%emt 0:00:01]} 7. Bd3 {[%emt 0:00:01]} e5 {[%emt 0:00:00]} 8. d5 {[%emt 0:00:05]} Ne7 {[%emt 0:00:02]} 9. Qc2 {[%emt 0:00:01]} Ng6 {[%emt 0:00:01]} 10. O-O {[%emt 0:00:01]} a5 {[%emt 0:00:00]} 11. a3 {[%emt 0:00:01]} Bc5 {[%emt 0:00:01]} 12. Ne4 {[%emt 0:00:03]} Nxe4 {[%emt 0:00:01]} 13. Bxe4 {[%emt 0:00:01]} f5 {[%emt 0:00:00]} 14. Bd3 {[%emt 0:00:05]} e4 {[%emt 0:00:01]} 15. b4 {[%emt 0:00:02]} Ba7 {[%emt 0:00:02]} 16. Be2 {[%emt 0:00:02]} exf3 {[%emt 0:00:01]} 17. Bxf3 {[%emt 0:00:00]} Ne5 {[%emt 0:00:00]} 18. Be2 {[%emt 0:00:00]} Qh4 {[%emt 0:00:02]} 19. g3 {[%emt 0:00:01]} Qh3 {[%emt 0:00:01]} 20. f4 {[%emt 0:00:01]} Ng4 {[%emt 0:00:01]} 21. Bxg4 {[%emt 0:00:03]} fxg4 {[%emt 0:00:01]} 22. Rf2 {[%emt 0:00:01]} Bf5 {[%emt 0:00:01]} 23. Qc3 {[%emt 0:00:01]} Be4 {[%emt 0:00:01]} 24. Re1 {[%emt 0:00:02]} axb4 {[%emt 0:00:02]} 25. axb4 {[%emt 0:00:01]} h5 {[%emt 0:00:03]} 26. Bc1 {[%emt 0:00:01]} h4 {[%emt 0:00:01]} 27. Bb2 {[%emt 0:00:01]} Rf7 {[%emt 0:00:00]} 28. gxh4 {[%emt 0:00:01]} g3 {[%emt 0:00:01]} 29. hxg3 {[%emt 0:00:01]} Qh1# {[%emt 0:00:01] (Lag: Av=1.01s, max=1.6s) (Lag: Av=1.01s, max=1.6s) (Lag: Av=1.01s, max=1.6s)} 0-1

[Event "414 Stay Safe Play From Home series"]
[Site "Emanuel Lasker Arena"]
[Date "2020.08.27"]
[Round "4"]
[White "Lazieri3"]
[Black "Nguyen Hong Anh"]
[Result "0-1"]
[WhiteElo "2045"]
[BlackElo "2268"]
[PlyCount "72"]
[EventDate "2020.08.27"]
[EventType "swiss (blitz)"]

1. e4 {[%emt 0:00:01]} c5 {[%emt 0:00:01]} 2. Nc3 {[%emt 0:00:00]} Nc6 {[%emt 0:00:00]} 3. d3 {[%emt 0:00:00]} g6 {[%emt 0:00:01]} 4. Nf3 {[%emt 0:00:01]} Bg7 {[%emt 0:00:00]} 5. Be3 {[%emt 0:00:00]} b6 {[%emt 0:00:01]} 6. Qd2 {[%emt 0:00:00]} e6 {[%emt 0:00:02]} 7. Be2 {[%emt 0:00:01]} Nge7 {[%emt 0:00:00]} 8. Bh6 {[%emt 0:00:02]} O-O {[%emt 0:00:01]} 9. h4 {[%emt 0:00:01]} d5 {[%emt 0:00:01]} 10. h5 {[%emt 0:00:01]} dxe4 {[%emt 0:00:03]} 11. hxg6 {[%emt 0:00:01]} fxg6 {[%emt 0:00:03]} 12. Bxg7 {[%emt 0:00:01]} exf3 {[%emt 0:00:01]} 13. Qh6 {[%emt 0:00:05]} Rf5 {[%emt 0:00:10]} 14. Qxh7+ {[%emt 0:00:03]} Kf7 {[%emt 0:00:00]} 15. Bxf3 {[%emt 0:00:02]} Bb7 {[%emt 0:00:01]} 16. Ne4 {[%emt 0:00:09]} Ke8 {[%emt 0:00:03]} 17. Bg4 {[%emt 0:00:09]} Rf7 {[%emt 0:00:02]} 18. Nf6+ {[%emt 0:00:02]} Rxf6 {[%emt 0:00:01]} 19. Bxf6 {[%emt 0:00:00]} Qd5 {[%emt 0:00:02]} 20. O-O-O {[%emt 0:00:03]} Qxa2 {[%emt 0:00:01]} 21. b3 {[%emt 0:00:00]} Qa3+ {[%emt 0:00:02]} 22. Kd2 {[%emt 0:00:03]} Qb4+ {[%emt 0:00:01]} 23. Bc3 {[%emt 0:00:01]} Qxg4 {[%emt 0:00:01]} 24. Qh8+ {[%emt 0:00:01]} Kd7 {[%emt 0:00:01]} 25. Qf6 {[%emt 0:00:02]} Re8 {[%emt 0:00:01]} 26. Rh7 {[%emt 0:00:02]} Qf5 {[%emt 0:00:02]} 27. Qg7 {[%emt 0:00:03]} Nd4 {[%emt 0:00:01]} 28. Bxd4 {[%emt 0:00:01]} cxd4 {[%emt 0:00:00]} 29. Re1 {[%emt 0:00:01]} Qxf2+ {[%emt 0:00:01]} 30. Re2 {[%emt 0:00:00]} Qf4+ {[%emt 0:00:01]} 31. Kd1 {[%emt 0:00:00]} Qf1+ {[%emt 0:00:01]} 32. Kd2 {[%emt 0:00:01]} Qf4+ {[%emt 0:00:01]} 33. Kd1 {[%emt 0:00:00]} Bd5 {[%emt 0:00:00]} 34. g3 {[%emt 0:00:01]} Qxg3 {[%emt 0:00:01]} 35. Qxd4 {[%emt 0:00:02]} Qf3 {[%emt 0:00:02]} 36. Kd2 {[%emt 0:00:02]} Rf8 {[%emt 0:00:01] Time Time Time (Lag: Av=1.37s, max=1.9s) (Lag: Av=1.37s, max=1.9s) (Lag: Av=1.37s, max=1.9s)} 0-1

[Event "414 Stay Safe Play From Home series"]
[Site "Emanuel Lasker Arena"]
[Date "2020.08.27"]
[Round "4"]
[White "GIULIO19031975"]
[Black "KING o KONG"]
[Result "1-0"]
[WhiteElo "1814"]
[BlackElo "961"]
[Annotator "NA"]
[PlyCount "53"]
[EventDate "2020.08.27"]
[EventType "swiss (blitz)"]

1. e4 {[%emt 0:00:28]} e6 {[%emt 0:00:01]} 2. Nf3 {[%emt 0:00:01]} d6 {[%emt 0:00:01]} 3. d4 {[%emt 0:00:01]} b6 {[%emt 0:00:01]} 4. Nc3 {[%emt 0:00:00]} Bb7 {[%emt 0:00:01]} 5. Bd3 {[%emt 0:00:01]} Be7 {[%emt 0:00:01]} 6. Bf4 {[%emt 0:00:01]} Nc6 {[%emt 0:00:01]} 7. Qd2 {[%emt 0:00:00]} Qd7 {[%emt 0:00:01]} 8. O-O-O {[%emt 0:00:01]} Nf6 {[%emt 0:00:01]} 9. Rhe1 {[%emt 0:00:01]} Ng4 {[%emt 0:00:01]} 10. Kb1 {[%emt 0:00:01]} Nxf2 {[%emt 0:00:01]} 11. Qxf2 {[%emt 0:00:01]} g6 {[%emt 0:00:02]} 12. d5 {[%emt 0:00:01]} Nb4 {[%emt 0:00:04]} 13. dxe6 {[%emt 0:00:02]} fxe6 {[%emt 0:00:02]} 14. Bb5 {[%emt 0:00:01]} Bc6 {[%emt 0:00:02]} 15. Bxc6 {[%emt 0:00:01]} Qxc6 {[%emt 0:00:02]} 16. e5 {[%emt 0:00:00]} Nxc2 {[%emt 0:00:02]} 17. Qxc2 {[%emt 0:00:01]} O-O-O {[%emt 0:00:01]} 18. exd6 {[%emt 0:00:00]} Bxd6 {[%emt 0:00:02]} 19. Bxd6 {[%emt 0:00:01]} Rxd6 {[%emt 0:00:02]} 20. Rxd6 {[%emt 0:00:01]} Qxd6 {[%emt 0:00:01]} 21. Rd1 {[%emt 0:00:01]} Qf4 {[%emt 0:00:02]} 22. Qe2 {[%emt 0:00:01]} Rf8 {[%emt 0:00:02]} 23. Qa6+ {[%emt 0:00:01]} Kb8 {[%emt 0:00:02]} 24. Nb5 {[%emt 0:00:01]} Qe4+ {[%emt 0:00:11]} 25. Ka1 {[%emt 0:00:01]} Qb7 {[%emt 0:00:08]} 26. Qa3 {[%emt 0:00:01]} a6 {[%emt 0:00:02]} 27. Qxf8+ {[%emt 0:00:01] TimeB TimeB TimeB} 1-0

[Event "414 Stay Safe Play From Home series"]
[Site "Emanuel Lasker Arena"]
[Date "2020.08.27"]
[Round "4"]
[White "Klasman"]
[Black "Subkat62"]
[Result "0-1"]
[WhiteElo "1341"]
[BlackElo "2128"]
[Annotator "NA"]
[PlyCount "48"]
[EventDate "2020.08.27"]
[EventType "swiss (blitz)"]

1. f4 {[%emt 0:00:02]} c5 {[%emt 0:00:01]} 2. e4 {[%emt 0:00:01]} Nf6 {[%emt 0:00:00]} 3. e5 {[%emt 0:00:02]} Nd5 {[%emt 0:00:01]} 4. c4 {[%emt 0:00:01]} Nxf4 {[%emt 0:00:01]} 5. d4 {[%emt 0:00:02]} Ng6 {[%emt 0:00:01]} 6. Nf3 {[%emt 0:00:04]} cxd4 {[%emt 0:00:01]} 7. Qxd4 {[%emt 0:00:02]} Nc6 {[%emt 0:00:01]} 8. Qe3 {[%emt 0:00:06]} Ncxe5 {[%emt 0:00:03]} 9. Nxe5 {[%emt 0:00:02]} Qa5+ {[%emt 0:00:01]} 10. Nc3 {[%emt 0:00:05]} Qxe5 {[%emt 0:00:01]} 11. Qxe5 {[%emt 0:00:01]} Nxe5 {[%emt 0:00:00]} 12. Bf4 {[%emt 0:00:02]} Ng6 {[%emt 0:00:02]} 13. Bg3 {[%emt 0:00:02]} d6 {[%emt 0:00:01]} 14. O-O-O {[%emt 0:00:04]} a6 {[%emt 0:00:01]} 15. Bd3 {[%emt 0:00:04]} e6 {[%emt 0:00:01]} 16. Rhe1 {[%emt 0:00:02]} Be7 {[%emt 0:00:01]} 17. Ne4 {[%emt 0:00:02]} O-O {[%emt 0:00:03]} 18. Bxd6 {[%emt 0:00:06]} Bxd6 {[%emt 0:00:01]} 19. Nxd6 {[%emt 0:00:01]} Rd8 {[%emt 0:00:00]} 20. Nxc8 {[%emt 0:00:02]} Raxc8 {[%emt 0:00:00]} 21. b3 {[%emt 0:00:02]} b5 {[%emt 0:00:01]} 22. Re4 {[%emt 0:00:03]} bxc4 {[%emt 0:00:02]} 23. Bxc4 {[%emt 0:00:01]} Rxd1+ {[%emt 0:00:01]} 24. Kxd1 {[%emt 0:00:01]} Ne7 {[%emt 0:00:02] Time Time Time (Lag: Av=0.37s, max=0.7s) (Lag: Av=0.37s, max=0.7s) (Lag: Av=0.37s, max=0.7s)} 0-1

[Event "414 Stay Safe Play From Home series"]
[Site "Emanuel Lasker Arena"]
[Date "2020.08.27"]
[Round "5"]
[White "NTBT_DHS"]
[Black "Stefanone"]
[Result "1-0"]
[WhiteElo "2511"]
[BlackElo "2085"]
[PlyCount "71"]
[EventDate "2020.08.27"]
[EventType "swiss (blitz)"]

1. d4 {[%emt 0:00:01]} d5 {[%emt 0:00:01]} 2. Nc3 {[%emt 0:00:00]} c6 {[%emt 0:00:00]} 3. Bf4 {[%emt 0:00:01]} e6 {[%emt 0:00:01]} 4. Qd3 {[%emt 0:00:00]} Bd6 {[%emt 0:00:01]} 5. e3 {[%emt 0:00:00]} Bxf4 {[%emt 0:00:01]} 6. exf4 {[%emt 0:00:00]} f5 {[%emt 0:00:00]} 7. Nf3 {[%emt 0:00:01]} Nf6 {[%emt 0:00:00]} 8. Ne5 {[%emt 0:00:00]} Ne4 {[%emt 0:00:02]} 9. Be2 {[%emt 0:00:00]} O-O {[%emt 0:00:02]} 10. f3 {[%emt 0:00:01]} Qh4+ {[%emt 0:00:01]} 11. g3 {[%emt 0:00:04]} Nxg3 {[%emt 0:00:01]} 12. O-O-O {[%emt 0:00:04]} Nxh1 {[%emt 0:00:01]} 13. Rxh1 {[%emt 0:00:00]} Qe7 {[%emt 0:00:00]} 14. h4 {[%emt 0:00:01]} Nd7 {[%emt 0:00:03]} 15. h5 {[%emt 0:00:01]} Nxe5 {[%emt 0:00:00]} 16. fxe5 {[%emt 0:00:01]} b6 {[%emt 0:00:00]} 17. f4 {[%emt 0:00:01]} Bb7 {[%emt 0:00:01]} 18. Bf3 {[%emt 0:00:02]} c5 {[%emt 0:00:01]} 19. Nb5 {[%emt 0:00:00]} Rad8 {[%emt 0:00:01]} 20. Nd6 {[%emt 0:00:01]} Rxd6 {[%emt 0:00:01]} 21. exd6 {[%emt 0:00:00]} Qxd6 {[%emt 0:00:00]} 22. Qe3 {[%emt 0:00:01]} c4 {[%emt 0:00:01]} 23. Rg1 {[%emt 0:00:02]} Rf7 {[%emt 0:00:01]} 24. Kb1 {[%emt 0:00:01]} b5 {[%emt 0:00:01]} 25. a3 {[%emt 0:00:00]} a5 {[%emt 0:00:01]} 26. c3 {[%emt 0:00:01]} Bc6 {[%emt 0:00:01]} 27. Re1 {[%emt 0:00:01]} Re7 {[%emt 0:00:02]} 28. Bd1 {[%emt 0:00:01]} Be8 {[%emt 0:00:02]} 29. h6 {[%emt 0:00:01]} g6 {[%emt 0:00:02]} 30. Qg3 {[%emt 0:00:02]} Rb7 {[%emt 0:00:02]} 31. Re5 {[%emt 0:00:05]} Bd7 {[%emt 0:00:01]} 32. Qg5 {[%emt 0:00:01]} Qf8 {[%emt 0:00:07]} 33. Bf3 {[%emt 0:00:02]} Qf7 {[%emt 0:00:01]} 34. Qd8+ {[%emt 0:00:01]} Be8 {[%emt 0:00:01]} 35. Rxe6 {[%emt 0:00:03]} Rd7 {[%emt 0:00:06]} 36. Rxe8+ {[%emt 0:00:01] Stefanone abbandona Stefanone abbandona Stefanone abbandona (Lag: Av=0.54s, max=0.7s) (Lag: Av=0.54s, max=0.7s) (Lag: Av=0.54s, max=0.7s)} 1-0

[Event "414 Stay Safe Play From Home series"]
[Site "Emanuel Lasker Arena"]
[Date "2020.08.27"]
[Round "5"]
[White "Tran Minh Thang"]
[Black "IceQueen"]
[Result "1-0"]
[WhiteElo "2467"]
[BlackElo "2315"]
[PlyCount "111"]
[EventDate "2020.08.27"]
[EventType "swiss (blitz)"]

1. b3 {[%emt 0:00:02]} d6 {[%emt 0:00:00]} 2. Bb2 {[%emt 0:00:00]} Nf6 {[%emt 0:00:00]} 3. Nf3 {[%emt 0:00:00]} e5 {[%emt 0:00:00]} 4. e3 {[%emt 0:00:01]} c5 {[%emt 0:00:01]} 5. c4 {[%emt 0:00:00]} Nc6 {[%emt 0:00:01]} 6. Nc3 {[%emt 0:00:01]} Be7 {[%emt 0:00:01]} 7. Be2 {[%emt 0:00:00]} O-O {[%emt 0:00:00]} 8. O-O {[%emt 0:00:00]} Bf5 {[%emt 0:00:00]} 9. a3 {[%emt 0:00:00]} Re8 {[%emt 0:00:01]} 10. b4 {[%emt 0:00:01]} cxb4 {[%emt 0:00:02]} 11. axb4 {[%emt 0:00:00]} Nxb4 {[%emt 0:00:00]} 12. Qb3 {[%emt 0:00:01]} Nc6 {[%emt 0:00:02]} 13. Qxb7 {[%emt 0:00:03]} Qc8 {[%emt 0:00:03]} 14. Qxc8 {[%emt 0:00:02]} Rexc8 {[%emt 0:00:00]} 15. Ba3 {[%emt 0:00:02]} Bf8 {[%emt 0:00:01]} 16. Nb5 {[%emt 0:00:01]} Rd8 {[%emt 0:00:02]} 17. d4 {[%emt 0:00:00]} exd4 {[%emt 0:00:01]} 18. exd4 {[%emt 0:00:00]} Be4 {[%emt 0:00:02]} 19. Nc3 {[%emt 0:00:06]} Bg6 {[%emt 0:00:03]} 20. d5 {[%emt 0:00:02]} Na5 {[%emt 0:00:04]} 21. Nb5 {[%emt 0:00:01]} Nb3 {[%emt 0:00:02]} 22. Ra2 {[%emt 0:00:02]} a6 {[%emt 0:00:01]} 23. Nbd4 {[%emt 0:00:01]} Nxd4 {[%emt 0:00:03]} 24. Nxd4 {[%emt 0:00:00]} Ne4 {[%emt 0:00:00]} 25. Nc6 {[%emt 0:00:01]} Re8 {[%emt 0:00:01]} 26. Bg4 {[%emt 0:00:03]} Nc3 {[%emt 0:00:01]} 27. Rb2 {[%emt 0:00:00]} f5 {[%emt 0:00:02]} 28. Bf3 {[%emt 0:00:01]} f4 {[%emt 0:00:00]} 29. g3 {[%emt 0:00:01]} fxg3 {[%emt 0:00:01]} 30. hxg3 {[%emt 0:00:00]} h6 {[%emt 0:00:00]} 31. Bg4 {[%emt 0:00:01]} h5 {[%emt 0:00:01]} 32. Be6+ {[%emt 0:00:01]} Kh7 {[%emt 0:00:00]} 33. Rb7 {[%emt 0:00:01]} Ne4 {[%emt 0:00:01]} 34. Bb2 {[%emt 0:00:01]} Ng5 {[%emt 0:00:01]} 35. Re1 {[%emt 0:00:01]} Nf3+ {[%emt 0:00:01]} 36. Kf1 {[%emt 0:00:01]} Nxe1 {[%emt 0:00:00]} 37. Kxe1 {[%emt 0:00:00]} Bf5 {[%emt 0:00:00]} 38. Nd4 {[%emt 0:00:02]} Bg6 {[%emt 0:00:02]} 39. Nc6 {[%emt 0:00:02]} a5 {[%emt 0:00:00]} 40. Kd2 {[%emt 0:00:04]} a4 {[%emt 0:00:00]} 41. Ba3 {[%emt 0:00:00]} Be4 {[%emt 0:00:06]} 42. f4 {[%emt 0:00:01]} Bf3 {[%emt 0:00:01]} 43. f5 {[%emt 0:00:01]} Bg4 {[%emt 0:00:00]} 44. Ke3 {[%emt 0:00:01]} Kh8 {[%emt 0:00:02]} 45. Kd4 {[%emt 0:00:00]} Kh7 {[%emt 0:00:01]} 46. c5 {[%emt 0:00:01]} dxc5+ {[%emt 0:00:01]} 47. Kc4 {[%emt 0:00:00]} Be2+ {[%emt 0:00:01]} 48. Kc3 {[%emt 0:00:01]} c4 {[%emt 0:00:00]} 49. Kd4 {[%emt 0:00:01]} Bxa3 {[%emt 0:00:02]} 50. f6 {[%emt 0:00:00]} Bb2+ {[%emt 0:00:00]} 51. Rxb2 {[%emt 0:00:01]} a3 {[%emt 0:00:00]} 52. Rb7 {[%emt 0:00:01]} Red8 {[%emt 0:00:00]} 53. Rxg7+ {[%emt 0:00:01]} Kh8 {[%emt 0:00:01]} 54. Ne7 {[%emt 0:00:00]} Rxd5+ {[%emt 0:00:00]} 55. Kxd5 {[%emt 0:00:01]} a2 {[%emt 0:00:00]} 56. Ng6# {[%emt 0:00:01] (Lag: Av=0.60s, max=1.2s) (Lag: Av=0.60s, max=1.2s) (Lag: Av=0.60s, max=1.2s)} 1-0